| 000 | 00710nam a2200217 a 4500 | ||
|---|---|---|---|
| 005 | 20260324064025.0 | ||
| 008 | 991125s1970 mx 000 0 spa u | ||
| 035 | _aUPN01000051141 | ||
| 049 | _aCG | ||
| 050 | 4 |
_aLA422 _bR43 |
|
| 245 | 0 | 3 |
_aLa reforma educativa y el planeamiento integral de la educación en México / _cdir. Manuel Bravo Jiménez. |
| 260 |
_a[México] : _bCENAPRO, _c1970. |
||
| 300 | _a158, 5 h. | ||
| 650 | 4 |
_aReforma educativa _zMéxico _94075 |
|
| 650 | 4 |
_aEducación _xAspectos económicos _911820 |
|
| 650 | 4 |
_aEducación y Estado _zMéxico _9476 |
|
| 650 | 4 |
_aEducación y Estado _919 |
|
| 700 | 1 |
_aBravo Jiménez, Manuel, _d1917-2012 _edir. |
|
| 905 | _aLibro | ||
| 999 |
_c51141 _d51141 |
||